Entailles, entrailles : roman /

Saved in:
Bibliographic Details
Main Author: Boyer, Philippe, 1931-
Format: Book
Language:French
Published: Paris : Seghers/Laffont, c1977.
Series:Collection Change : Série rouge
LEADER 00802nam a2200229 i 4500
001 c000328236
003 CARM
005 00000000000000.0
008 780719s1977 fr 00011 fre
015 |a F*** 
019 1 |a 1234732  |5 LACONCORD2021 
035 |a (OCoLC)4131949  |5 LACONCORD2021 
050 0 0 |a PQ2662.O9  |b E5 
100 1 |a Boyer, Philippe,  |d 1931- 
245 1 0 |a Entailles, entrailles :  |b roman /  |c Philippe Boyer. 
260 |a Paris :  |b Seghers/Laffont,  |c c1977. 
300 |a 333 p. 21 cm. 
490 0 |a Collection Change : Série rouge 
852 8 |b CARM  |h A1:AL38F0  |i B10289  |p 0461325  |f BK 
082 0 4 |a 843/.9/14 
999 f f |i a4de2c85-b694-59d1-be13-d2114c448006  |s 14738647-a4ac-5d4a-b66c-d53ac9b9bb8a 
952 f f |p Can circulate  |a CAVAL  |b CAVAL  |c CAVAL  |d CARM 1 Store  |e B10289  |f A1:AL38F0  |h Other scheme  |i book  |m 0461325